000 00472nam a22001697a 4500
999 _c192161
_d192161
005 20220913104117.0
010 _aENG-135041
020 _a9788170580347
_c105.00
035 _aEN-118573
037 _bDBAD/PUB
082 _a181.499
245 _aThe Mother Conversations 1929-1931/
260 _bSri Aurobindo Ashram Publication Department
_c2013
270 _bPondicherry
_e605002
300 _a217p.
_c19cm(pbk)
942 _2ddc
_cEN
_h181.499
_mMOT